[Event "LSS RC-2009-0-00038"]
[Site "LSS email"]
[Date "2010.02.23"]
[Round "?"]
[White "Garibaldi, Lucio Manuel"]
[Black "Khlopov, Sergej"]
[Result "0-1"]
[WhiteElo "1572"]
[BlackElo "1892"]
[PlyCount "35"]
[EventDate "2009.12.19"]
[EventType "tourn (corr)"]
[EventRounds "6"]
[EventCountry "GER"]
[SourceTitle "Corr 2013"]
[Source "ChessBase"]
[SourceDate "2012.11.12"]
[SourceVersion "1"]
[SourceVersionDate "2012.11.12"]
[SourceQuality "1"]

1. d4 d5 2. c4 c6 3. Nf3 e6 4. g3 dxc4 5. Bg2 b5 6. 0-0 Bb7 7. a4 Nd7 8. b3 cxb3 9. Qxb3 a6 10. Ne5 Ne7 11. Ba3 Nf5 12. Rd1 Bxa3 13. Nxa3 Nxe5 14. dxe5 Qb8 15. e4 Ne7 16. Qb4 h5 17. Rab1 Qc7 18. Qc5 0-1

[Event "LSS RC-2009-0-00037"]
[Site "LSS email"]
[Date "2010.02.19"]
[Round "?"]
[White "Garibaldi, Lucio Manuel"]
[Black "Ottenweller, Wolfgang"]
[Result "0-1"]
[WhiteElo "1570"]
[BlackElo "1665"]
[PlyCount "39"]
[EventDate "2009.12.06"]
[EventType "tourn (corr)"]
[EventRounds "6"]
[EventCountry "GER"]
[SourceTitle "Corr 2013"]
[Source "ChessBase"]
[SourceDate "2012.11.12"]
[SourceVersion "1"]
[SourceVersionDate "2012.11.12"]
[SourceQuality "1"]

1. d4 Nf6 2. Bg5 Ne4 3. h4 c5 4. dxc5 Na6 5. Qd4 Naxc5 6. Nc3 Nxc3 7. Qxc5 Ne4 8. Qd5 Nxg5 9. hxg5 e6 10. Qd2 Qb6 11. 0-0-0 Qxf2 12. Rh3 d5 13. Kb1 Bd6 14. Nf3 0-0 15. Qd3 g6 16. e4 b6 17. e5 Bc5 18. Qb3 Bb7 19. Bd3 Qxg2 20. Rdh1 0-1

[Event "LSS RC-2009-0-00037"]
[Site "LSS email"]
[Date "2010.02.19"]
[Round "?"]
[White "Pagano, Marcelo Rafael"]
[Black "Garibaldi, Lucio Manuel"]
[Result "1-0"]
[WhiteElo "1720"]
[BlackElo "1570"]
[PlyCount "42"]
[EventDate "2009.12.06"]
[EventType "tourn (corr)"]
[EventRounds "6"]
[EventCountry "GER"]
[SourceTitle "Corr 2013"]
[Source "ChessBase"]
[SourceDate "2012.11.12"]
[SourceVersion "1"]
[SourceVersionDate "2012.11.12"]
[SourceQuality "1"]

1. e4 e6 2. d4 d5 3. Nc3 dxe4 4. Nxe4 Nd7 5. Nf3 Ngf6 6. Nxf6+ Nxf6 7. Be3 Be7 8. Bd3 0-0 9. Qe2 b6 10. 0-0-0 Bb7 11. h4 c5 12. dxc5 Qc7 13. h5 h6 14. cxb6 axb6 15. Kb1 b5 16. Bxb5 Qa5 17. a4 Rfb8 18. Bd2 Qb6 19. Bc3 Ba6 20. Bxa6 Rxa6 21. Rh4 Rba8 1-0

[Event "OP-2010-0-01088"]
[Site "LSS email"]
[Date "2010.02.18"]
[Round "?"]
[White "Lavis, Jon"]
[Black "Garibaldi, Lucio Manuel"]
[Result "1-0"]
[WhiteElo "1565"]
[BlackElo "1572"]
[PlyCount "40"]
[EventDate "2010.02.14"]
[EventType "tourn (corr)"]
[EventRounds "4"]
[EventCountry "GER"]
[SourceTitle "Corr 2013"]
[Source "ChessBase"]
[SourceDate "2012.11.12"]
[SourceVersion "1"]
[SourceVersionDate "2012.11.12"]
[SourceQuality "1"]

1. g3 Nf6 2. Bg2 g6 3. e4 d6 4. d4 Bg7 5. Ne2 0-0 6. 0-0 e5 7. dxe5 dxe5 8. Be3 Nbd7 9. Nc1 Qe7 10. Nc3 c6 11. f3 Nc5 12. Nb3 Nxb3 13. axb3 a6 14. Na4 Nd7 15. Qd2 f5 16. exf5 gxf5 17. Rfd1 b5 18. Nc3 Nf6 19. Qd6 Qxd6 20. Rxd6 Bb7 1-0

[Event "CFriend SI-2004-0-00028 email"]
[Site "Chessfriend.com"]
[Date "2004.12.15"]
[Round "1"]
[White "Amann, Klaus"]
[Black "Garibaldi, Lucio Manuel"]
[Result "1-0"]
[WhiteElo "1879"]
[BlackElo "1728"]
[PlyCount "33"]
[EventDate "2004.??.??"]
[EventType "tourn (corr)"]
[EventRounds "6"]
[SourceTitle "Corr 2008"]
[Source "ChessBase"]
[SourceDate "2008.06.24"]
[SourceVersion "1"]
[SourceVersionDate "2008.06.24"]
[SourceQuality "1"]

1. e4 e6 2. d4 d5 3. Nc3 Bb4 4. e5 Ne7 5. a3 Bxc3+ 6. bxc3 b6 7. Qg4 Ng6 8. h4 h5 9. Qd1 Ba6 10. Bxa6 Nxa6 11. Qd3 Nb8 12. Ne2 Nxh4 13. Nf4 Nc6 14. g3 Nf5 15. g4 Nfe7 16. Nxh5 Kd7 17. Rh3 1-0

[Event "CFriend SI-2004-0-00028 email"]
[Site "Chessfriend.com"]
[Date "2004.12.15"]
[Round "1"]
[White "Sherwood, Russell"]
[Black "Garibaldi, Lucio Manuel"]
[Result "1-0"]
[WhiteElo "1748"]
[BlackElo "1728"]
[PlyCount "35"]
[EventDate "2004.??.??"]
[EventType "tourn (corr)"]
[EventRounds "6"]
[SourceTitle "Corr 2008"]
[Source "ChessBase"]
[SourceDate "2008.06.24"]
[SourceVersion "1"]
[SourceVersionDate "2008.06.24"]
[SourceQuality "1"]

1. e4 e6 2. d4 d5 3. exd5 exd5 4. Bd3 Nc6 5. c3 Bd6 6. Qf3 Be6 7. Ne2 Nge7 8. Nf4 Qd7 9. Nxe6 fxe6 10. Bb5 0-0-0 11. 0-0 Rdf8 12. Qe2 a6 13. Ba4 Kb8 14. Re1 Ng6 15. f3 e5 16. Be3 exd4 17. cxd4 Re8 18. Qd2 1-0

[Event "CFriend SI-2004-0-00028 email"]
[Site "Chessfriend.com"]
[Date "2004.12.15"]
[Round "1"]
[White "Taffijn, Aadrian"]
[Black "Garibaldi, Lucio Manuel"]
[Result "1-0"]
[WhiteElo "1601"]
[BlackElo "1728"]
[PlyCount "35"]
[EventDate "2004.??.??"]
[EventType "tourn (corr)"]
[EventRounds "6"]
[SourceTitle "Corr 2008"]
[Source "ChessBase"]
[SourceDate "2008.06.24"]
[SourceVersion "1"]
[SourceVersionDate "2008.06.24"]
[SourceQuality "1"]

1. d4 e5 2. dxe5 Nc6 3. Nf3 Qe7 4. Qd5 f6 5. Nc3 fxe5 6. Bg5 Nf6 7. Bxf6 Qxf6 8. e3 Bb4 9. 0-0-0 Bxc3 10. bxc3 d6 11. Bb5 Bd7 12. Qe4 0-0-0 13. h3 Kb8 14. Kb1 Rdf8 15. a3 Qf5 16. Qxf5 Rxf5 17. Bd3 Rf6 18. Kb2 1-0

[Event "CFriend RI-2004-0-00028 email"]
[Site "Chessfriend.com"]
[Date "2004.11.20"]
[Round "1"]
[White "Norman, Nigel"]
[Black "Garibaldi, Lucio Manuel"]
[Result "1/2-1/2"]
[WhiteElo "1909"]
[BlackElo "1728"]
[PlyCount "71"]
[EventDate "2004.??.??"]
[EventType "tourn (corr)"]
[EventRounds "6"]
[SourceTitle "Corr 2008"]
[Source "ChessBase"]
[SourceDate "2008.06.24"]
[SourceVersion "1"]
[SourceVersionDate "2008.06.24"]
[SourceQuality "1"]

1. Nf3 Nf6 2. g3 g6 3. Bg2 Bg7 4. 0-0 0-0 5. d3 d6 6. e4 c5 7. Nbd2 Nc6 8. a4 Bd7 9. Nc4 Qc8 10. Re1 Nd4 11. c3 Nxf3+ 12. Qxf3 Ng4 13. Qe2 Ne5 14. Ne3 Nc6 15. f4 a6 16. Bd2 b5 17. Nd5 Rb8 18. axb5 Rxb5 19. Ra2 Qb8 20. Rxa6 Qb7 21. Rea1 Rxb2 22. Qd1 e6 23. Ne3 Rb6 24. R6a3 Rb8 25. Nc4 Rb1 26. Rxb1 Qxb1 27. Qxb1 Rxb1+ 28. Kf2 Bf8 29. h3 Be7 30. Ra6 Kg7 31. g4 Rb7 32. g5 Ra7 33. Rxa7 Nxa7 34. d4 cxd4 35. cxd4 Bb5 36. Na5 1/2-1/2

[Event "CFriend SI-2004-0-00024 email"]
[Site "Chessfriend.com"]
[Date "2004.08.02"]
[Round "1"]
[White "Garibaldi, Lucio Manuel"]
[Black "Stibal, George"]
[Result "1-0"]
[WhiteElo "1728"]
[BlackElo "1891"]
[PlyCount "49"]
[EventDate "2004.??.??"]
[EventType "tourn (corr)"]
[EventRounds "8"]
[SourceTitle "Corr 2008"]
[Source "ChessBase"]
[SourceDate "2008.06.24"]
[SourceVersion "1"]
[SourceVersionDate "2008.06.24"]
[SourceQuality "1"]

1. e4 e6 2. d4 d5 3. e5 c5 4. c3 Nc6 5. Nf3 Bd7 6. Be3 cxd4 7. cxd4 Bb4+ 8. Nc3 Nge7 9. Bd3 Nf5 10. Rc1 Nxe3 11. fxe3 f5 12. exf6 Qxf6 13. 0-0 Rc8 14. Ne5 Qg5 15. Nf7 Qxe3+ 16. Kh1 Rf8 17. Rf3 Qxc1 18. Qxc1 Rxf7 19. Rxf7 Kxf7 20. Bxh7 Be7 21. Qf4+ Bf6 22. Nb5 g5 23. Nd6+ Kg7 24. Qg4 Ne5 25. Qd1 1-0

[Event "CFriend SI-2004-0-00022 email"]
[Site "Chessfriend.com"]
[Date "2004.07.08"]
[Round "1"]
[White "Clark, Robert William"]
[Black "Garibaldi, Lucio Manuel"]
[Result "1/2-1/2"]
[WhiteElo "1724"]
[BlackElo "1728"]
[PlyCount "46"]
[EventDate "2004.??.??"]
[EventType "tourn (corr)"]
[EventRounds "12"]
[SourceTitle "Corr 2008"]
[Source "ChessBase"]
[SourceDate "2008.06.24"]
[SourceVersion "1"]
[SourceVersionDate "2008.06.24"]
[SourceQuality "1"]

1. d4 e6 2. e4 d5 3. Nc3 Bb4 4. a3 Bxc3+ 5. bxc3 dxe4 6. f3 e3 7. Bxe3 Nf6 8. Bd3 c5 9. Ne2 Nbd7 10. 0-0 0-0 11. Ng3 Qc7 12. f4 Nd5 13. Bd2 c4 14. Be2 N7f6 15. Qe1 Bd7 16. Bf3 Rad8 17. Qe5 b5 18. Ne4 Nxe4 19. Bxe4 f6 20. Qxc7 Nxc7 21. Bf3 Kf7 22. Rfe1 Rb8 23. Re3 Nd5 1/2-1/2

[Event "CFriend RI-2004-0-00022 email"]
[Site "Chessfriend.com"]
[Date "2004.07.08"]
[Round "?"]
[White "Elias, Holger"]
[Black "Garibaldi, Lucio Manuel"]
[Result "1/2-1/2"]
[WhiteElo "1387"]
[BlackElo "1840"]
[PlyCount "42"]
[EventDate "2004.??.??"]
[EventType "tourn (corr)"]
[EventRounds "6"]
[SourceTitle "Corr 2008"]
[Source "ChessBase"]
[SourceDate "2008.06.24"]
[SourceVersion "1"]
[SourceVersionDate "2008.06.24"]
[SourceQuality "1"]

1. g3 e5 2. c4 d6 3. Nf3 f5 4. d4 e4 5. Ng1 Nf6 6. Nc3 c6 7. Bg5 Be7 8. e3 Na6 9. Nge2 Nc7 10. Nf4 Ne6 11. Bxf6 Bxf6 12. Nh5 0-0 13. Nxf6+ Rxf6 14. Bg2 Nc7 15. 0-0 d5 16. cxd5 Nxd5 17. Nxd5 Qxd5 18. f3 exf3 19. Bxf3 Qf7 20. d5 cxd5 21. Qxd5 Be6 1/2-1/2

[Event "CFriend SI-2004-0-00022 email"]
[Site "Chessfriend.com"]
[Date "2004.07.08"]
[Round "?"]
[White "Garibaldi, Lucio Manuel"]
[Black "Chambers, Chris L"]
[Result "0-1"]
[WhiteElo "1840"]
[BlackElo "1808"]
[PlyCount "48"]
[EventDate "2004.??.??"]
[EventType "tourn (corr)"]
[EventRounds "12"]
[SourceTitle "Corr 2008"]
[Source "ChessBase"]
[SourceDate "2008.06.24"]
[SourceVersion "1"]
[SourceVersionDate "2008.06.24"]
[SourceQuality "1"]

1. c4 f5 2. Nc3 Nf6 3. g3 g6 4. Bg2 Bg7 5. Nf3 0-0 6. 0-0 d6 7. d3 e5 8. Rb1 Nc6 9. b4 h6 10. Ne1 g5 11. Nc2 a6 12. a4 Qe8 13. b5 axb5 14. axb5 Ne7 15. Nb4 c6 16. Qc2 Be6 17. bxc6 bxc6 18. Bd2 Qh5 19. Ra1 Rxa1 20. Rxa1 f4 21. gxf4 gxf4 22. f3 Kh8 23. e4 Rg8 24. Qd1 Ng4 0-1

[Event "CFriend RI-2004-0-00022 email"]
[Site "Chessfriend.com"]
[Date "2004.07.08"]
[Round "?"]
[White "Garibaldi, Lucio Manuel"]
[Black "Rattay, Walter"]
[Result "1-0"]
[WhiteElo "1840"]
[BlackElo "1619"]
[PlyCount "87"]
[EventDate "2004.??.??"]
[EventType "tourn (corr)"]
[EventRounds "6"]
[SourceTitle "Corr 2008"]
[Source "ChessBase"]
[SourceDate "2008.06.24"]
[SourceVersion "1"]
[SourceVersionDate "2008.06.24"]
[SourceQuality "1"]

1. e4 c6 2. d4 d5 3. e5 Bf5 4. Nc3 Qd7 5. Be3 h6 6. h3 e6 7. g4 Bh7 8. f4 Bb4 9. Nge2 Ne7 10. a3 Bxc3+ 11. Nxc3 Qc7 12. Bd3 Nd7 13. Bxh7 Rxh7 14. Qd3 g6 15. Bf2 Rg7 16. Bh4 g5 17. Bg3 0-0-0 18. 0-0-0 gxf4 19. Bxf4 Rh8 20. Qe3 Nb6 21. Bxh6 Nc4 22. Qf4 Ng6 23. Qf6 Rgh7 24. Bg5 c5 25. Nb5 Qb6 26. Nd6+ Nxd6 27. dxc5 Qxc5 28. exd6 Qxd6 29. h4 Qg3 30. Rhg1 Qe5 31. h5 Qxf6 32. Bxf6 Nf4 33. Rgf1 Ne2+ 34. Kd2 Rg8 35. Kxe2 Rxg4 36. Rh1 Rg2+ 37. Kd3 Rg3+ 38. Kd2 Rg2+ 39. Kc3 Rh6 40. Bd4 Rg3+ 41. Kd2 Rg2+ 42. Kd3 Rg3+ 43. Be3 Rh7 44. h6 1-0

[Event "CFriend SI-2004-0-00022 email"]
[Site "Chessfriend.com"]
[Date "2004.07.08"]
[Round "1"]
[White "Woelfelschneider, Peter"]
[Black "Garibaldi, Lucio Manuel"]
[Result "1-0"]
[WhiteElo "2047"]
[BlackElo "1728"]
[PlyCount "93"]
[EventDate "2004.??.??"]
[EventType "tourn (corr)"]
[EventRounds "12"]
[SourceTitle "Corr 2008"]
[Source "ChessBase"]
[SourceDate "2008.06.24"]
[SourceVersion "1"]
[SourceVersionDate "2008.06.24"]
[SourceQuality "1"]

1. b4 e5 2. Bb2 d6 3. e3 Nf6 4. Nf3 g6 5. Be2 Bg7 6. 0-0 0-0 7. d3 c6 8. c4 Re8 9. a4 Nbd7 10. a5 Nf8 11. Nbd2 Ne6 12. Qc2 Qe7 13. Rfc1 Nc7 14. c5 Nfd5 15. cxd6 Qxd6 16. Nc4 Qf8 17. Bxe5 Bxe5 18. Ncxe5 f6 19. Nc4 Nxb4 20. Qb2 Ncd5 21. Qd2 Nc7 22. Ra4 Nca6 23. d4 Bf5 24. Ne1 Rad8 25. Qb2 Qe7 26. Nd2 Rd7 27. Bc4+ Kg7 28. h3 h5 29. Rd1 Red8 30. Be2 Kh7 31. Rc1 Kh8 32. Bc4 Kg7 33. Qb3 g5 34. Nf1 h4 35. Qb2 Bg6 36. Nd2 Qd6 37. Ra3 Kf8 38. Nef3 Re7 39. Rb3 Rdd7 40. Bf1 Rg7 41. e4 Qe7 42. Bc4 Bf7 43. e5 Bxc4 44. exf6 Qxf6 45. Rxc4 Nd5 46. Ne5 Rde7 47. Rf3 1-0

[Event "CFriend AP-2004-Q-00007 email"]
[Site "Chessfriend.com"]
[Date "2004.02.28"]
[Round "?"]
[White "Farkas, Lajos"]
[Black "Garibaldi, Lucio Manuel"]
[Result "1/2-1/2"]
[WhiteElo "1714"]
[BlackElo "1852"]
[PlyCount "32"]
[EventDate "2004.??.??"]
[EventType "tourn (corr)"]
[EventRounds "12"]
[SourceTitle "Corr 2008"]
[Source "ChessBase"]
[SourceDate "2008.06.24"]
[SourceVersion "1"]
[SourceVersionDate "2008.06.24"]
[SourceQuality "1"]

1. e4 e6 2. d4 d5 3. Nc3 dxe4 4. Nxe4 Nd7 5. Nf3 Ngf6 6. Nxf6+ Nxf6 7. Bd3 b6 8. Qe2 Bb7 9. Bg5 Be7 10. 0-0-0 0-0 11. h4 c5 12. dxc5 Qc7 13. Ne5 Qxc5 14. Bxf6 Bxf6 15. Nd7 Bxb2+ 16. Kxb2 Qb4+ 1/2-1/2

[Event "IECG CP.2003.P.00094 email"]
[Site "IECG email"]
[Date "2003.10.01"]
[Round "?"]
[White "Garibaldi, Lucio Manuel"]
[Black "Kopasov, Evgeny Aleksandrovi"]
[Result "0-1"]
[WhiteElo "1836"]
[BlackElo "2103"]
[PlyCount "40"]
[EventDate "2003.10.01"]
[EventType "tourn (corr)"]
[EventRounds "6"]
[EventCountry "RUS"]
[SourceTitle "Corr 2008"]
[Source "ChessBase"]
[SourceDate "2008.06.24"]
[SourceVersion "1"]
[SourceVersionDate "2008.06.24"]
[SourceQuality "1"]

1. e4 c5 2. c3 g6 3. d4 cxd4 4. cxd4 d5 5. e5 Bg7 6. h3 Nh6 7. Nf3 0-0 8. Nc3 Nc6 9. Be2 f6 10. exf6 exf6 11. 0-0 Nf5 12. Bf4 Be6 13. Rc1 Bf7 14. Bb5 Re8 15. Bxc6 bxc6 16. Na4 g5 17. Bh2 h5 18. Nc5 g4 19. hxg4 hxg4 20. Ne1 Qe7 0-1

[Event "CFriend SI-2003-0-00008 email"]
[Site "Chessfriend.com"]
[Date "2003.06.06"]
[Round "?"]
[White "Garibaldi, Lucio Manuel"]
[Black "Dehaybe, Andre"]
[Result "0-1"]
[WhiteElo "1875"]
[BlackElo "1829"]
[PlyCount "60"]
[EventDate "2003.06.06"]
[EventType "tourn (corr)"]
[EventRounds "12"]
[SourceTitle "Corr 2008"]
[Source "ChessBase"]
[SourceDate "2008.06.24"]
[SourceVersion "1"]
[SourceVersionDate "2008.06.24"]
[SourceQuality "1"]

1. e4 d5 2. Nc3 d4 3. Nce2 Nc6 4. Ng3 h5 5. Nxh5 e5 6. Bb5 Bd7 7. Ng3 a6 8. Bxc6 Bxc6 9. Nf3 Qe7 10. d3 0-0-0 11. Bg5 f6 12. Bd2 Nh6 13. b4 Ba4 14. Qc1 g5 15. Qa3 Qd7 16. Qb2 Nf7 17. h3 g4 18. hxg4 Rxh1+ 19. Nxh1 Qxg4 20. Ng3 Nd6 21. 0-0-0 Nb5 22. Rh1 Qg8 23. a3 Kb8 24. Kd1 c5 25. Ke2 c4 26. Bh6 c3 27. Qa1 Bxh6 28. Rxh6 Bxc2 29. a4 Nd6 30. Ne1 Qg5 0-1

[Event "CFriend SI-2003-0-00008 email"]
[Site "Chessfriend.com"]
[Date "2003.06.06"]
[Round "?"]
[White "Lautenbach, Aljoscha"]
[Black "Garibaldi, Lucio Manuel"]
[Result "1/2-1/2"]
[WhiteElo "1640"]
[BlackElo "1841"]
[PlyCount "49"]
[EventDate "2003.06.06"]
[EventType "tourn (corr)"]
[EventRounds "12"]
[SourceTitle "Corr 2008"]
[Source "ChessBase"]
[SourceDate "2008.06.24"]
[SourceVersion "1"]
[SourceVersionDate "2008.06.24"]
[SourceQuality "1"]

1. e4 e5 2. f4 d5 3. exd5 c6 4. Nc3 exf4 5. Nf3 Bd6 6. d4 Ne7 7. dxc6 Nbxc6 8. d5 Nb4 9. Bc4 0-0 10. a3 Na6 11. 0-0 Bg4 12. Kh1 Rc8 13. Bd3 Ng6 14. Nb5 Bb8 15. c4 Nc5 16. Be2 Re8 17. Nc3 Qf6 18. Bd2 Bf5 19. b4 Nd3 20. c5 b6 21. c6 Rcd8 22. Bxd3 Bxd3 23. Re1 Ne5 24. Nxe5 Bxe5 25. Rc1 1/2-1/2

[Event "CFriend SI-2003-0-00008 email"]
[Site "Chessfriend.com"]
[Date "2003.06.06"]
[Round "?"]
[White "Malmstroem, Jan"]
[Black "Garibaldi, Lucio Manuel"]
[Result "1-0"]
[WhiteElo "1860"]
[BlackElo "1875"]
[PlyCount "39"]
[EventDate "2003.06.06"]
[EventType "tourn (corr)"]
[EventRounds "12"]
[SourceTitle "Corr 2008"]
[Source "ChessBase"]
[SourceDate "2008.06.24"]
[SourceVersion "1"]
[SourceVersionDate "2008.06.24"]
[SourceQuality "1"]

1. e4 e5 2. Nf3 f5 3. Nxe5 Qf6 4. d4 d6 5. Nc4 fxe4 6. Nc3 Qg6 7. f3 exf3 8. Qxf3 Nc6 9. d5 Nb4 10. Ne3 Nf6 11. a3 Na6 12. Bd3 Qf7 13. b4 Be7 14. 0-0 0-0 15. Bb2 Qh5 16. Qg3 g6 17. Rae1 Rf7 18. Ne2 Qh6 19. Nd4 Qh5 20. Ne6 1-0

[Event "CFriend SI-2003-0-00004 email"]
[Site "Chessfriend.com"]
[Date "2003.02.27"]
[Round "?"]
[White "Amann, Klaus"]
[Black "Garibaldi, Lucio Manuel"]
[Result "1-0"]
[WhiteElo "1955"]
[BlackElo "1875"]
[PlyCount "117"]
[EventDate "2003.02.27"]
[EventType "tourn (corr)"]
[EventRounds "12"]
[SourceTitle "Corr 2008"]
[Source "ChessBase"]
[SourceDate "2008.06.24"]
[SourceVersion "1"]
[SourceVersionDate "2008.06.24"]
[SourceQuality "1"]

1. e4 e5 2. Nf3 f5 3. Nxe5 Nc6 4. Nxc6 dxc6 5. Bc4 Qh4 6. d3 fxe4 7. Qe2 Nf6 8. Nd2 Bg4 9. Qe3 0-0-0 10. Qxa7 e3 11. Qxe3 Re8 12. Ne4 Nxe4 13. dxe4 Bf5 14. 0-0 Bxe4 15. h3 Bd6 16. Bb3 Bxc2 17. Qc3 Bg6 18. Be3 Qe7 19. Bd4 Be5 20. a4 c5 21. Bxe5 Qxe5 22. Qa5 Kb8 23. Rac1 b6 24. Qb5 Be4 25. Rc3 Qf6 26. Rxc5 Bd3 27. Qxd3 bxc5 28. Bc4 Rhf8 29. Qc2 Qb6 30. b3 h6 31. Qc3 g5 32. a5 Qd6 33. Qc2 Rf4 34. a6 Ka7 35. Rc1 Rfe4 36. Bf1 R4e5 37. Rd1 Qb6 38. Qc3 Qb4 39. Qd3 Re1 40. g3 c4 41. bxc4 Kxa6 42. Rd2 Kb7 43. Ra2 Qd6 44. Qb3+ Qb6 45. Qf3+ c6 46. Qa3 Kc7 47. Rb2 Qd4 48. c5 Kd7 49. Rb7+ Ke6 50. Qf3 Re7 51. Qxc6+ Kf7 52. Rb6 R1e6 53. Qc8 Qd1 54. Qa6 Kf6 55. Qc4 Qe1 56. c6 Rc7 57. Qd4+ Qe5 58. Qd8+ Kg7 59. Rb8 1-0